Koleksi ucapan 2011 YB Dato Sri Douglas Unggah Embas, Menteri Sumber Asli & Alam Sekitar

Bibliographic Details
Main Author: Douglas Unggah Embas
Format: Book
Published: Putrajaya : Kementerian Sumber Asli & alam Sekitar , 2011
Series:Siri ucapan penting
Subjects:

MARC

LEADER 00000cam a2200000 7i4500
001 0000003959
005 20130111.0
020 0 0 |a 9789670250076 
090 0 0 |a 959.5054   |b DOUG 2011 
100 0 0 |a Douglas Unggah Embas   |f Dato' Sri- 
245 1 0 |a Koleksi ucapan 2011 YB Dato Sri Douglas Unggah Embas, Menteri Sumber Asli & Alam Sekitar 
260 0 0 |a Putrajaya :   |b Kementerian Sumber Asli & alam Sekitar ,   |c 2011 
300 |a xiv, 123 p. :   |b col. ill. ;   |c 26 cm. 
440 0 0 |a Siri ucapan penting 
650 0 0 |a Speeches, addresses, etc. 
651 0 0 |a Malaysia   |x Environment 
651 0 0 |a Malaysia   |x Natural Resources 
998 |a JPSM 
999 |a 007767   |b Monograph   |c Open Shelf   |e Default branch